| 000 | 00515nam a2200181 a 4500 | ||
|---|---|---|---|
| 005 | 20140310183207.0 | ||
| 008 | 030122s19uu xx 00 eng d | ||
| 050 |
_aHF 5691 _b.M426 2000 |
||
| 100 | _aYoung, Felina C. | ||
| 245 |
_aMathematics of investment : _bcalculator based / _cFelina C. Young. |
||
| 260 |
_aPhilippines : _c2000. |
||
| 300 |
_a251 p. : _c23 cm. |
||
| 521 | _aBSBA | ||
| 650 | _aMathematics-- problems, exercises, etc. | ||
| 650 | _aInvestments | ||
| 942 |
_cBK _2lcc _kLOC |
||
| 999 |
_c20016 _d20016 |
||